000 00241nam a22000857a 4500
008 160705b xxu||||| |||| 00| 0 eng d
100 _92215
_a Srivastava, H.S., et al
245 _aPerfecting Examination Practices
260 _aNew Delhi
_bArya
_c2002
999 _c1904
_d1904